Recorrido de un gran aprendizaje. Informe de sistematizacióm de la capacitación y experiencia de los alfabetizadores / Lola Cendales G. / Jorge Posada (Record no. 10883)

MARC details
000 -LEADER
campo de control de longitud fija 00506nam a2200157Ia 4500
001 - NÚMERO DE CONTROL
campo de control 4121
008 - DATOS DE LONGITUD FIJA--INFORMACIÓN GENERAL
campo de control de longitud fija 241024s9999 xx 000 0 und d
020 ## - NÚMERO INTERNACIONAL ESTÁNDAR DEL LIBRO
Número Internacional Estándar del Libro 978-9945-9010-1-6
082 ## - NÚMERO DE LA CLASIFICACIÓN DECIMAL DEWEY
Número de clasificación 374/C395r/2016
100 ## - ENTRADA PRINCIPAL--NOMBRE DE PERSONA
Nombre de persona Lola Cendales G
245 #0 - MENCIÓN DEL TÍTULO
Título Recorrido de un gran aprendizaje. Informe de sistematizacióm de la capacitación y experiencia de los alfabetizadores / Lola Cendales G. / Jorge Posada
260 ## - PUBLICACIÓN, DISTRIBUCIÓN, ETC.
Nombre del editor, distribuidor, etc. Santo Domingo
Fecha de publicación, distribución, etc. 2016
590 ## - NOTA LOCAL (RLIN)
Nota local si
901 ## - ELEMENTOS DE DATOS A LOCAL LDA (RLIN)
a 2/8/2016 11:50:32 a.m.

No items available.

© 2024. Todos los Derechos Reservados. Desarrollado por IDEICE